00947 2200313 4500001002100000005001500021035002000036007000300056008004100059020002200100040002200122082001400144084001600158090002000174090002200194100002400216245009200240250003500332300003700367650003500404700002800439850001200467264003600479336002100515337003000536338002300566999002200589990002200611INLIS00000000085543920200330100049 a0010-0320000766ta200330t2019 yoia b 0 0 ind d a978-623-7324-78-2 aYOPDYOGbinderda04223a372.7 a372.7 MAY a aDEP 372.7 MAY a aCB-D.11 2019-24820 aMaya Cindyepenulis10aAsiknya belajar dasar-dasar matematika /cpenulis, Maya Cindy ; penyunting, Karina Tyas aCetakan pertama, November 2019 a64 halaman :bilustrasi ;c24 cm 4aMatematika--xPendidikan dasar0 aKarina Tyasepenyunting aYOPDYOG aYogyakarta :bPlayground,c2019 2rdacontentateks 2rdamediaatanpa perantara 2rdacarrieravolume aCB-D.11/2019-2482 aCB-D.11/2019-2482